000 00580nam a22002177a 4500
001 10055
003 BD-RjUL
005 20211208234903.0
008 140122b un ||||| |||| 00| 0 eng d
020 _a0669167118
035 _a(BD-RjUL)10102
040 _aBD-RjUL
_beng
_cBD-RjUL
_d(BD-RjUL)
041 _aeng
082 _222
_a 547.215
_bZUS 1989
100 _aZumdahl,Steven S.
_931040
245 _aStudy Guide for Chemistry /
260 _aLexington :
_bD.C. Healh,
_cc1989.
300 _a[4] 538 p. :
_c29c.m
650 0 _a Chemistry, Organic.
_928406
942 _2ddc
_cBK
999 _c10055
_d10055